[Event "Regionalliga SO 0607"]
[Site "Bayern"]
[Date "2006.10.29"]
[Round "2.7"]
[White "Trapp, Sascha"]
[Black "Klinger, Joseph"]
[Result "1-0"]
[WhiteElo "1902"]
[BlackElo "1812"]
[PlyCount "41"]
[EventDate "2006.10.15"]
[EventType "team-tourn"]
[EventRounds "9"]
[EventCountry "GER"]
[SourceTitle "EXT 2008"]
[Source "ChessBase"]
[SourceDate "2007.11.25"]
[SourceVersion "1"]
[SourceVersionDate "2007.11.25"]
[SourceQuality "1"]
[WhiteTeam "Freising"]
[BlackTeam "Passau II"]
[WhiteTeamCountry "GER"]
[BlackTeamCountry "GER"]

1. e4 e5 2. Nf3 Nc6 3. Bb5 Nf6 4. 0-0 d6 5. Re1 Bg4 6. h3 Bh5 7. d4 exd4 8. e5 dxe5 9. Nxe5 Bxd1 10. Nxc6+ Kd7 11. Nxd8+ Kxd8 12. Rxd1 Bc5 13. c3 Ne4 14. Be3 Nd6 15. Bxd4 Bxd4 16. Rxd4 Ke7 17. Bf1 Rhe8 18. Na3 Kf8 19. Nb5 Nxb5 20. Bxb5 c6 21. Bc4 1-0

[Event "Niederbayernliga 0405"]
[Site "Germany"]
[Date "2005.??.??"]
[Round "6"]
[White "Rader, Lothar"]
[Black "Klinger, Joseph"]
[Result "1-0"]
[WhiteElo "1750"]
[BlackElo "1754"]
[PlyCount "77"]
[EventDate "2004.??.??"]
[EventType "team"]
[EventRounds "9"]
[EventCountry "GER"]
[SourceTitle "EXT 2008"]
[Source "ChessBase"]
[SourceDate "2007.11.25"]
[SourceVersion "1"]
[SourceVersionDate "2007.11.25"]
[SourceQuality "1"]
[WhiteTeam "Deggendorf II"]
[BlackTeam "Passau II"]
[WhiteTeamCountry "GER"]
[BlackTeamCountry "GER"]

1. d4 d5 2. c4 e6 3. Nc3 c6 4. Nf3 Nf6 5. Bg5 h6 6. Bh4 Be7 7. e3 0-0 8. Qc2 Nbd7 9. Bd3 dxc4 10. Bxc4 Nd5 11. Bxe7 Qxe7 12. a3 Nxc3 13. Qxc3 Nf6 14. 0-0 b6 15. Rac1 Bb7 16. Ne5 Rac8 17. b4 Nd7 18. Nxd7 Qxd7 19. Rfd1 Rfd8 20. Be2 Qe7 21. Bf3 g5 22. Qb3 Kg7 23. Qa4 b5 24. Qc2 Rd7 25. Qb2 f6 26. Rc5 Qd6 27. g3 Rdc7 28. Rdc1 a6 29. Qc2 Ba8 30. Bh5 f5 31. Bf3 g4 32. Bg2 h5 33. Qc3 Kg6 34. Qc2 Qd7 35. e4 Bb7 36. d5 exd5 37. exd5 Qf7 38. d6 Rd7 39. Rxf5 1-0

[Event "Niederbayernliga 0203"]
[Site "Germany"]
[Date "2003.??.??"]
[Round "4.7"]
[White "Klinger, Joseph"]
[Black "Endler, Johannes"]
[Result "1/2-1/2"]
[WhiteElo "1770"]
[BlackElo "1716"]
[PlyCount "46"]
[EventDate "2002.??.??"]
[EventType "team"]
[EventRounds "9"]
[EventCountry "GER"]
[SourceTitle "EXT 2008"]
[Source "ChessBase"]
[SourceDate "2007.11.25"]
[SourceVersion "1"]
[SourceVersionDate "2007.11.25"]
[SourceQuality "1"]
[WhiteTeam "Passau II"]
[BlackTeam "Simbach"]
[WhiteTeamCountry "GER"]
[BlackTeamCountry "GER"]

1. e4 e5 2. Nf3 d6 3. h3 Nf6 4. Nc3 Be7 5. d4 Nbd7 6. Bb5 c6 7. Be2 0-0 8. dxe5 Nxe5 9. 0-0 Nxf3+ 10. Bxf3 Be6 11. Qe2 Qc7 12. Bf4 Nd7 13. Rfd1 Ne5 14. Bxe5 dxe5 15. Bg4 Qc8 16. Bxe6 Qxe6 17. Rd3 Rfd8 18. Rad1 Rxd3 19. Rxd3 Rd8 20. a3 Rd4 21. Qf3 g6 22. Ne2 Rxd3 23. Qxd3 Kg7 1/2-1/2

[Event "Niederbayernliga 0203"]
[Site "Germany"]
[Date "2003.??.??"]
[Round "5.6"]
[White "Klinger, Joseph"]
[Black "Oberberger, Hans"]
[Result "1/2-1/2"]
[WhiteElo "1770"]
[BlackElo "1593"]
[PlyCount "150"]
[EventDate "2002.??.??"]
[EventType "team"]
[EventRounds "9"]
[EventCountry "GER"]
[SourceTitle "EXT 2008"]
[Source "ChessBase"]
[SourceDate "2007.11.25"]
[SourceVersion "1"]
[SourceVersionDate "2007.11.25"]
[SourceQuality "1"]
[WhiteTeam "Passau II"]
[BlackTeam "Deggendorf II"]
[WhiteTeamCountry "GER"]
[BlackTeamCountry "GER"]

1. e4 c5 2. Nf3 Nc6 3. c4 d6 4. h3 Nf6 5. Nc3 e6 6. d4 Be7 7. d5 exd5 8. exd5 Nb8 9. Bd3 0-0 10. 0-0 Bd7 11. Re1 Na6 12. a3 Nc7 13. Qc2 Re8 14. Bd2 Qb8 15. Re2 Bf8 16. Rae1 Rxe2 17. Rxe2 b5 18. b3 h6 19. Ne4 Nxe4 20. Bxe4 Ne8 21. Bh7+ Kh8 22. Bc3 bxc4 23. bxc4 Qd8 24. Bd3 Nf6 25. Qd2 Kg8 26. Bc2 g6 27. Qf4 Nh5 28. Qd2 Bg7 29. Ba5 Qf8 30. g4 Nf6 31. Qd3 Re8 32. Bd2 Rxe2 33. Qxe2 Qe8 34. Qd3 Ba4 35. Bb1 Nd7 36. Bf4 Ne5 37. Nxe5 Bxe5 38. Bxh6 Qe7 39. Be3 Qf6 40. Kg2 Bf4 41. Bc2 Bxc2 42. Qxc2 Qe5 43. Bxf4 Qxf4 44. a4 Kh7 45. f3 f5 46. Qe2 a6 47. Qe7+ Kg8 48. Qe6+ Kh7 49. Qf7+ Kh6 50. Qf8+ Kh7 51. Qe7+ Kg8 52. Qe2 Kg7 53. a5 Kf7 54. h4 Kf8 55. Qe6 fxg4 56. Qxg4 Qf6 57. Qc8+ Kg7 58. Qxa6 Qxh4 59. Qb7+ Kh6 60. Qb3 Qg5+ 61. Kf1 Qg3 62. Qe3+ Kh5 63. a6 Qh3+ 64. Ke2 Qh2+ 65. Qf2 Qe5+ 66. Kd3 Qa1 67. Qh2+ Kg5 68. Qxd6 Qd4+ 69. Ke2 Qxc4+ 70. Kf2 Qd4+ 71. Kg2 Qd2+ 72. Kh3 Qd3 73. a7 Qf1+ 74. Kg3 Qg1+ 75. Kh3 Qf1+ 1/2-1/2

[Event "Niederbayernliga 0304"]
[Site "Germany"]
[Date "2003.??.??"]
[Round "4"]
[White "Strangmueller, Andreas"]
[Black "Klinger, Joseph"]
[Result "1-0"]
[WhiteElo "1834"]
[BlackElo "1742"]
[PlyCount "47"]
[EventDate "2003.??.??"]
[EventType "team"]
[EventRounds "9"]
[EventCountry "GER"]
[SourceTitle "EXT 2008"]
[Source "ChessBase"]
[SourceDate "2007.11.25"]
[SourceVersion "1"]
[SourceVersionDate "2007.11.25"]
[SourceQuality "1"]
[WhiteTeam "Landshut"]
[BlackTeam "Passau II"]
[WhiteTeamCountry "GER"]
[BlackTeamCountry "GER"]

1. e4 c5 2. Nf3 Nc6 3. d4 cxd4 4. Nxd4 Nf6 5. Nc3 e5 6. Ndb5 d6 7. Bg5 a6 8. Bxf6 gxf6 9. Na3 b5 10. Nd5 Be7 11. c3 h5 12. Nc2 Be6 13. Nce3 Rb8 14. Bd3 Rb7 15. 0-0 Nb8 16. a4 Nd7 17. axb5 axb5 18. Qe2 Qb8 19. Bxb5 Kf8 20. Bc6 Rxb2 21. Qf3 Qd8 22. Ra7 Rb8 23. Bxd7 Bxd7 24. Nf5 1-0

[Event "Niederbayernliga 0203"]
[Site "Germany"]
[Date "2002.??.??"]
[Round "1.8"]
[White "Klinger, Joseph"]
[Black "Krah, Franz"]
[Result "0-1"]
[WhiteElo "1770"]
[BlackElo "1612"]
[PlyCount "106"]
[EventDate "2002.??.??"]
[EventType "team"]
[EventRounds "9"]
[EventCountry "GER"]
[SourceTitle "EXT 2008"]
[Source "ChessBase"]
[SourceDate "2007.11.25"]
[SourceVersion "1"]
[SourceVersionDate "2007.11.25"]
[SourceQuality "1"]
[WhiteTeam "Passau II"]
[BlackTeam "Pocking"]
[WhiteTeamCountry "GER"]
[BlackTeamCountry "GER"]

1. e4 c5 2. Nf3 d6 3. d4 cxd4 4. Nxd4 Nf6 5. Nc3 a6 6. Be2 e5 7. Nb3 Nc6 8. 0-0 Be6 9. Bg5 Be7 10. Bxf6 Bxf6 11. Nd5 Bxd5 12. Qxd5 Qc7 13. c3 Ne7 14. Qd3 Ng6 15. g3 0-0 16. Rad1 Rad8 17. Bg4 Ne7 18. c4 Nc6 19. a3 g6 20. h4 h5 21. Bh3 a5 22. Rd2 a4 23. Nc1 Nd4 24. Ne2 Nb3 25. Rc2 Bg7 26. Nc3 Nc5 27. Qe2 Rfe8 28. Nb5 Qc6 29. f3 Nb3 30. Rd1 Nd4 31. Nxd4 exd4 32. Qd3 Bh6 33. Qxd4 Bg7 34. Qd3 Qb6+ 35. Kh2 Qc7 36. Re2 Qe7 37. Qc2 f5 38. Qxa4 f4 39. Qb5 fxg3+ 40. Kg2 Be5 41. Qd5+ Kg7 42. Rf1 Rf8 43. b3 Rf4 44. a4 Rxh4 45. Rd2 b6 46. Rd3 g5 47. Qe6 Qxe6 48. Bxe6 Rh2+ 49. Kg1 h4 50. Rfd1 h3 51. R1d2 g2 52. Bxh3 Rxh3 53. Kxg2 Rh2+ 0-1